| 000 | 00959nam a22002777a 4500 | ||
|---|---|---|---|
| 001 | 887 | ||
| 005 | 20260320135457.0 | ||
| 020 | _a0590449192 : | ||
| 020 | _a078073003990 | ||
| 020 | _a9780590449205 | ||
| 040 |
_aDLC _cDLC _dDLC _beng |
||
| 050 | 0 | 0 |
_aPZ7.S8435 _bLi 1992 |
| 082 | _a333 | ||
| 100 | 1 | _aStevens, Carla. | |
| 245 | 1 | 0 |
_aLily and Miss Liberty / _cby Carla Stevens ; illustrated by Deborah Kogan Ray. |
| 260 |
_aNew York : _bScholastic, _c1992. |
||
| 300 |
_a64 pages : _billustrations ; _c20 cm |
||
| 505 | _aP | ||
| 520 | _aA little girl makes crowns and sells them to help raise money for the pedestal needed for mounting France's gift of the Statue of Liberty to this country. | ||
| 521 |
_a620
_bLexile |
||
| 521 |
_aP
_bRaz-Plus |
||
| 650 | 1 |
_aStatue of Liberty (New York, N.Y.) _xFiction. |
|
| 700 | 1 |
_aRay, Deborah Kogan, _d1940- _eillustrator |
|
| 906 |
_a7 _bcbc _corignew _d1 _eocip _f19 _gy-gencatlg |
||
| 942 |
_2ddc _cBK _n0 |
||
| 999 |
_c887 _d887 |
||